| 000 | 00631nam a2200169 a 4500 | ||
|---|---|---|---|
| 001 | 1590 | ||
| 003 | CDMR | ||
| 005 | 20130328101831.0 | ||
| 008 | 130130s1991||||||||||||||||||||||||||||d | ||
| 040 |
_aCDMR _bcat _cCDMR |
||
| 111 | 2 |
_aJornada Internacional de la Prensa Agraria _cBarcelona _d1991 _n2ª _91194 |
|
| 245 | 1 | 0 |
_aExpoaviga '91 _b: II Jornada Internacional de la Prensa Agraria = II International Farming Press Symposium : 13 de noviembre de 1991 |
| 260 |
_aBarcelona _c1991 _bFira de Barcelona |
||
| 300 |
_a38 p ; _c30 cm |
||
| 710 |
_aAssociació de periodistes i escriptors agraris de Catalunya _eorg. _91195 |
||
| 942 |
_cMON _2ddc |
||
| 999 |
_c1590 _d1590 |
||